Koncept vlastníctva v Lockovej politickej filozofii

Lockov koncept vzniku súkromného vlastníctva. Vymedzenie troch odlišných, po sebe idúcich, pojmov súkromného vlastníctva.

Salvato in:
Dettagli Bibliografici
Autore principale: Manda, Vladimír
Natura: Capitolo di libro
Lingua:slovacco
Soggetti:
Tags: Aggiungi Tag
Nessun Tag, puoi essere il primo ad aggiungerne!!

MARC

LEADER 00000naa a2200000 4500
001 0151515
005 20231211124608.0
041 0 |a slo 
044 |a SK 
245 1 0 |a Koncept vlastníctva v Lockovej politickej filozofii  |c Vladimír Manda 
520 |a Lockov koncept vzniku súkromného vlastníctva. Vymedzenie troch odlišných, po sebe idúcich, pojmov súkromného vlastníctva. 
610 2 0 |a vlastníctvo 
610 2 0 |a vlastníctvo súkromné 
610 2 0 |a história 
610 2 0 |a legislatíva 
610 2 0 |a filozofia 
100 1 |a Manda, Vladimír